MDQL
is popping MORE tags! Check the
thread
!
Quizzes
Events
Quiz Creation
Community
Videos
Private Events
Remove Ads
Sign In
Join for FREE
Feedback
Dark Mode
Quiz Categories
Sports
Geography
Music
Movies
Television
Just For Fun
Miscellaneous
History
Literature
Language
Science
Gaming
Entertainment
Religion
Holiday
For Kids
Quiz Lab
Recent
Popular Today
Quiz Kudos Today
Editor Picks
Curator Picks
Quizzes by...
Day
Popularity
Type
Ratings
Length
Year
Community
Subscriptions
Recent Discussions
Orange Saloon
Badges
Playlists
Quests
Create
Leaderboards
Showdown
Live 5
Trivia Bingo
Activity
Puzzle Library
Sporcle Events
Private Events
Virtual Trivia
Globe League
Become a Host
Pub Owners
SporcleCon
Opinionation
Our Games
Videos
Blog
Mobile Apps
Partnerships
Remove Ads and Go Orange
Feedback
Gaming
Video Games
Board Games
Card Games
Pokémon
Mario
Nintendo
Minecraft
Console
Toys
Legend of Zelda
Gaming
Video Games
Board Games
Card Games
Pokémon
Mario
Nintendo
Minecraft
Console
Toys
Legend of Zelda
Random Quiz
Search Sporcle
×
Quiz Lab
Quiz Lab
Gaming
Available
Type in answers that appear in a list
Type in answers that appear in a list
Classic
Best Score? Go Orange.
Persona Q Compendium Stats
Can you name the available Personas in Persona Q?
By
Terrogon
15m
190 Questions
167 Plays
167 Plays
167 Plays
Comments
Comments
Give Quiz Kudos
Give Quiz Kudos
-
- Ratings
hide this ad
More Info
Replay
Link that replays current quiz
Next Quiz
Link to next quiz in quiz playlist
You Got
0%
They Got
Avg Score
66%
Avg Friend Score
Upgrade to see
Score Distribution
Jump to the score distribution portion of the page
Score
0/190
Timer
15:00
0
Plays Today
Arcana
Persona
% Correct
Magician
Jack Frost
89.2%
Lovers
Pixie
86.8%
Judgement
Lucifer
86.8%
Fool/
World
Loki
86.2%
Priestess
High Pixie
86.2%
Justice
Angel
86.2%
Fool/
World
Slime
85.6%
Magician
Pyro Jack
85%
Emperor
King Frost
85%
Fool/
World
Black Frost
84.4%
Justice
Archangel
84.4%
Chariot
Thor
83.8%
Death
Mot
83.2%
Empress
Gabriel
82.6%
Emperor
Odin
82.6%
Magician
Surt
82%
Devil
Succubus
82%
Judgement
Michael
82%
Judgement
Satan
81.4%
Lovers
Raphael
80.8%
Justice
Uriel
80.2%
Devil
Incubus
80.2%
Fool/
World
Decarabia
79.6%
Star
Helel
79.6%
Death
Thanatos (DLC)
79.6%
Temperance
Genbu
79%
Emperor
Oberon
78.4%
Hierophant
Kohryu
78.4%
Justice
Power
78.4%
Death
Pale Rider
78.4%
Death
White Rider
78.4%
Tower
Shiva
78.4%
Judgement
Red Rider
78.4%
Priestess
Parvati
77.8%
Death
Alice
77.8%
Temperance
Vishnu
77.8%
Fortune
Lachesis
77.2%
Temperance
Byakko
77.2%
Judgement
Metatron
77.2%
Judgement
Black Rider
77.2%
Magician
Mada
76.6%
Fortune
Norn
76.6%
Fortune
Clotho
76.6%
Tower
Mara
76.6%
Empress
Titania
76%
Tower
Yoshitsune
76%
Judgement
Anubis
76%
Moon
Kaguya (DLC)
76%
Priestess
Scathach
75.4%
Justice
Throne
75.4%
Empress
Mother Harlot
74.9%
Justice
Dominion
74.9%
Fortune
Fortuna
74.9%
Hanged Man
Hell Biker
74.9%
Temperance
Suzaku
74.9%
Temperance
Seiryu
74.9%
Devil
Lilith
74.9%
Tower
Cu Chulainn
74.9%
Moon
Sandalphon
74.9%
Judgement
Trumpeter
74.9%
Tower
Magatsu-Izanagi (DLC)
74.9%
Magician
Hua Po
74.3%
Devil
Beelzebub
74.3%
Sun
Asura
74.3%
Arcana
Persona
% Correct
Magician
Rangda
73.7%
Magician
Orobas
73.7%
Emperor
Barong
73.7%
Lovers
Ishtar
73.7%
Fortune
Atropos
73.7%
Strength
Sandman
73.7%
Star
Sarasvati
73.7%
Moon
Seth
73.7%
Fool/
World
Orpheus Telos (DLC)
73.7%
Lovers
Cybele
73.1%
Fool/
World
Legion
72.5%
Hierophant
Anzu
72.5%
Hermit
Arahabaki
72.5%
Hanged Man
Attis
72.5%
Devil
Belphegor
71.9%
Judgement
Zeus
71.9%
Empress
Alilat
71.3%
Emperor
Thoth
71.3%
Death
Matador
71.3%
Fool/
World
Ose
70.7%
Empress
Skadi
70.7%
Empress
Yaksini
70.7%
Justice
Melchizedek
70.7%
Justice
Virtue
70.7%
Tower
Chi You
70.7%
Star
Kaiwan
70.7%
Judgement
Ardha
70.7%
Chariot
Eligor
70.1%
Hermit
Mothman
70.1%
Strength
Kali
70.1%
Sun
Ganesha
70.1%
Devil
Belial
69.5%
Star
Garuda
69.5%
Hierophant
Unicorn
68.9%
Hanged Man
Berith
68.9%
Star
Yatagarasu
68.9%
Fool/
World
Shiki-Ouji
68.3%
Strength
Oni
68.3%
Priestess
Hariti
67.7%
Emperor
Setanta
67.7%
Hermit
Nebiros
67.7%
Sun
Jatayu
67.7%
Lovers
Leanan Sidhe
67.1%
Lovers
Queen Mab
67.1%
Chariot
Futsunushi
67.1%
Strength
Rakshasa
67.1%
Temperance
Mithra
67.1%
Devil
Ukobach
67.1%
Moon
Chernobog
67.1%
Hermit
Ongyo-ki
66.5%
Strength
Zaou-Gongen
66.5%
Strength
Valkyrie
66.5%
Hanged Man
Vasuki
66.5%
Hanged Man
Orthrus
66.5%
Devil
Pazuzu
66.5%
Hierophant
Daisoujou
65.9%
Strength
Siegfried
65.9%
Tower
Abaddon
65.9%
Star
Kikuri-Hime
65.9%
Moon
Girimehkala
65.9%
Magician
Dis
65.3%
Hermit
Nue
65.3%
Magician
Agathion
64.7%
Priestess
Ame-no-Uzume
64.7%
Arcana
Persona
% Correct
Chariot
Nata Taishi
64.7%
Death
Samael
64.7%
Star
Sraosha
64.7%
Strength
Hanuman
64.1%
Judgement
Warrior Zeus
63.5%
Hierophant
Shiisaa
62.3%
Tower
Masakado
62.3%
Priestess
Ganga
61.7%
Empress
Laksmi
61.7%
Empress
Gorgon
61.7%
Magician
Jinn
61.1%
Hierophant
Flauros
61.1%
Lovers
Alp
61.1%
Death
Mokoi
59.9%
Moon
Baal Zebul
59.9%
Chariot
Atavaka
59.3%
Sun
Phoenix
59.3%
Death
Mahakala
58.7%
Sun
Cu Sith
58.7%
Fortune
Ananta
58.1%
Temperance
Apsaras
58.1%
Tower
Seiten Taisei
58.1%
Moon
Andras
58.1%
Chariot
Chimera
56.9%
Emperor
Kingu
56.3%
Emperor
Oukuninushi
56.3%
Hermit
Ippon-Datara
56.3%
Moon
Orochi
56.3%
Priestess
Tzitzimitl
55.7%
Sun
Tam Lin
55.7%
Star
Neko Shogun
55.1%
Hierophant
Hachiman
54.5%
Star
Kartikeya
53.9%
Emperor
Pabilsag
53.3%
Devil
Astaroth
53.3%
Chariot
Triglav
52.1%
Hermit
Kurama Tengu
51.5%
Chariot
Ares
50.9%
Temperance
Xiezhai
50.9%
Devil
Basilisk
50.9%
Moon
Onmoraki
49.1%
Hermit
Azumi
48.5%
Fortune
Empusa
48.5%
Chariot
Oumitsunu
47.3%
Hanged Man
Koropokkur
46.7%
Hermit
Niddhoggr
46.1%
Sun
Suparna
45.5%
Hanged Man
Ikusa
42.5%
Moon
Nozuchi
40.7%
Sun
Narasimha
40.7%
Justice
Ophanim
37.7%
Tower
Raiju
37.7%
Hanged Man
Yatsufusa
36.5%
Lovers
Moh Shuvuu
34.1%
Moon
Alraune
34.1%
Hierophant
Gozuki
31.7%
Chariot
Mezuki
31.7%
Strength
Ouyamatsumi
29.3%
Hermit
Hitokotonusi
28.7%
Strength
Tsuchigumo
22.8%
Hierophant
Mishaguji
22.2%
Death
Turdak
19.2%
Quiz Playlist
Details
Report
Send in Message
Add To Playlist
More Info:
The left column is the skill card extracted from the Persona. Includes all 4 DLC Personas. The 34 party member Personas are bonus answers.
Classic:
Type in answers that appear in a list
Quiz Source
Last Updated: Feb 16, 2017
Quiz Scoreboard
CHALLENGE
Sign Up to Join the Scoreboard
Show All
Scores
Hide
Comments
May contain spoilers
Recently Published
Two Season TV Shows II
by 123Four
Television
10m
Image Sorting: Flags VI
by Barbecue
Geography
2m
Find the 'City' Movie
by crazypaving
Movies
60s
More to Explore
Quiz From the Vault
Featured Blog Post
14 Easter Pick-up Lines to Find Eggs With
hide this ad
You Might Also Like...
Tags
arcana
Available
Extracted
Persona
skill
Today's Top Quizzes in Gaming
Browse Gaming
hide this ad
Today's Top Quizzes in Available
Browse Available
Top Contributed Quizzes in Gaming
1
League of Legends Pro Players by Career/Team History
2
Genshin Impact Logic Puzzle
3
Destiny 2 exotic weapons by perk icons
4
Genshin murder mystery
5
4x4 Decades: Video Games
6
Genshin Impact Logic Puzzle Quiz
7
Ultimate Genshin Impact Logic Puzzle (up to 4.3)
8
Dead By Daylight Logic Puzzle
9
Who's on the WWE 2K24 Cover?
10
Overwatch Logic Puzzle
Explore More
Trending Topics
Kpop
Harry Potter
Marvel
Disney
Anime
NBA
Crossword
Pokémon
Soccer
WWE
The Office
Country
Puzzle
Song
NFL
hide this ad
More By:
Terrogon
Quiz
Plays
Rating
Category
Featured
Created
Danganronpa V3 Death Card Quotes
3,802
5.00
Gaming
Oct 21, 2017
Yakuza Karaoke Songs (Clips)
776
5.00
Gaming
Aug 20, 2021
2014 SSBM Player Rankings
406
3.67
Gaming
Dec 22, 2014
Danganronpa V3 Characters by School Emblem
399
5.00
Gaming
Jun 20, 2020
Danganronpa S Character Card Quotes
179
4.00
Gaming
Jan 7, 2022
Go to Creator's Profile
Score Distribution
Quiz Creator Spotlight
Terrogon
Follow
Send a Message
Quizzes Created
-
Created Quiz Play Count
-
More By This Creator
Popular Quizzes Today
1
Find the US States - No Outlines Minefield
2
Colored Red Africa Blitz
3
Find the 'City' Movie
4
5x2 Blitz: Bands
5
The Countries of the World
6
Find the Countries of Europe - No Outlines Minefield
7
Find the US States
8
US States
More Gaming Quizzes
Today in Video Games: January
Editor's Pick
Trending Quizzes
Colored Red Europe Blitz I
Colored Red Africa Blitz II
Colored Red Europe Blitz II
Even More Two Season TV Shows
Colored Red Africa Blitz III
Recently Updated
March Madness Men's Triple Doubles
pecheneg
How Do You Spell That?
pecheneg
Godzilla Movies
pecheneg
Grab Bag: 4-10 Letters
pecheneg
2024 March Madness Bracket
pecheneg
Famous TV Couples
Peacemaker
Champions League XIs: Real Madrid
pecheneg
Largest US Cities 1790-2010
pecheneg
Rides in Walt Disney World
pecheneg
Most Oscar Losses (Acting)
pecheneg
Trending Topics
Disney
NBA
Harry Potter
Kpop
Marvel
Crossword
Anime
Song
Country
Pokémon
Soccer
The Office
NFL
Puzzle
WWE
Your Account Isn't Verified!
In order to create a playlist on Sporcle, you need to verify the email address you used during registration. Go to your
Sporcle Settings
to finish the process.
Report this User
Report this user for behavior that violates our
Community Guidelines
.
Details:
Send Report
Go to the Sporcle.com Mobile Site →
Comments